LEADER 00940nam--2200313---450- 001 990001053780203316 035 $a0105378 035 $aUSA010105378 035 $a(ALEPH)000105378USA01 035 $a0105378 100 $a20020321d1874----km-y0itay0103----ba 101 $aita 102 $aIT 105 $a||||||||001yy 200 1 $a<> civiltà cattolica$eindice delle materie contenute nei dodici volumi che formano l'ottava serie della Civiltà cattolica 210 $aFirenze$cPresso Luigi Manuelli libraio$d1874 215 $a288 p$d21 cm 606 0 $aCiviltà cristiana$xPeriodici 676 $a282 801 0$aIT$bsalbc$gISBD 912 $a990001053780203316 951 $aPER III 7$bLM$cPER III 959 $aBK 969 $aUMA 979 $aPATTY$b90$c20020321$lUSA01$h1612 979 $c20020403$lUSA01$h1745 979 $aPATRY$b90$c20040406$lUSA01$h1713 996 $aCiviltà cattolica$9551756 997 $aUNISA LEADER 01054nam0-2200337---450- 001 990008199970403321 005 20100520141019.0 035 $a000819997 035 $aFED01000819997 035 $a(Aleph)000819997FED01 035 $a000819997 100 $a20051006d1967----km-y0itay50------ba 101 0 $afre 102 $aNL 105 $aaf--n----00yy 200 1 $a<>religions orientales dans l'Espagne romaine$fA. Garcia y Bellido 210 $aLeiden$cBrill$d1967 215 $aXIII, 166 p., [20] c. di tav.$cill$d24 cm 225 1 $aÉtudes préliminaires aux religions orientales dans l'empire romain 676 $a299.15 700 1$aGarcía y Bellido,$bAntonio$0157005 801 0$aIT$bUNINA$gRICA$2UNIMARC 901 $aBK 912 $a990008199970403321 952 $aDDR-XXIV B 001.5$b1373 ddr$fDDR$m21-8230 952 $a299.15 GAR 1$bBibl.44756$fFLFBC 952 $aARCH. M 361 8$bARCH. 16179$fFLFBC 959 $aDDR 959 $aFLFBC 996 $aReligions orientales dans l'Espagne romaine$9734043 997 $aUNINA LEADER 00797nam0-22003131--450- 001 990008692970403321 005 20081204125712.0 020 $aIT$b7710285 035 $a000869297 035 $aFED01000869297 035 $a(Aleph)000869297FED01 035 $a000869297 100 $a20080729e19751868km-y0itay50------ba 101 0 $aita 102 $aIT 105 $ay-------001yy 200 1 $aAnnali pisani 210 $aBologna$cA. Forni$d1975 215 $a2 v.$cill.$d21 cm 300 $aFacs. dell'ed.: Pisa, 1868-1871 676 $a945.55$v18$zita 700 1$aTronci,$bPaolo$0503719 801 0$aIT$bUNINA$gRICA$2UNIMARC 901 $aBK 912 $a990008692970403321 952 $aSDI-XXIII E 15$bS.I.$fSDI 959 $aSDI 996 $aAnnali pisani$9719091 997 $aUNINA